| 000 | 01362nam a2200265 i 4500 | ||
|---|---|---|---|
| 003 | DO-SdBNP | ||
| 005 | 20240830104453.0 | ||
| 007 | ta | ||
| 008 | 240830s1995 dr 000 0 spa d | ||
| 040 |
_aDO-SdBNP _bspa _cBNPHU _erda |
||
| 082 |
_bE74m _222 |
||
| 100 | 1 |
_aEscoto Santana, Julio Miguel, _d1930- _975561 _eautor |
|
| 245 | 1 | 0 |
_aMi testimonio / _cJulio Miguel Escoto Santana. |
| 250 | _a2a. edición | ||
| 264 |
_aSanto Domingo : _bEditora Taina, _c1995. |
||
| 300 |
_a18 páginas _c20 cm. |
||
| 336 |
_2rdacontent _atexto _btxt |
||
| 337 |
_2rdamedia _asin mediación _bn |
||
| 338 |
_2rdacarrier _avolumen _bnc |
||
| 500 | _aPor un error involuntario fue impreso en la edición anterior el primer borrador no corregido, en vez del que contenía las enmiendas hechas al mismo por el autor. Esta segunda edición es la correcta, por lo que el autor presenta a los lectores de la primera edición sus más sinceras excusas. | ||
| 520 | _aPalabras pronunciadas por el Dr. Julio Escoto Santana en la puesta en circulación del libro de la autoría del Dr. Ramón Andrés Blanco Fernández titulado: "IJ4 DE LA APARIENCIA A LA ESENCIA" "Breve historia de algunos errores políticos", efectuada en la Casa del Escritor, en Santo Domingo, D.N. el 24 de noviembre de 1984. | ||
| 590 | _aInventariado, 2024/ YL | ||
| 910 | _aYLockward | ||
| 942 |
_2ddc _cLF2 |
||
| 999 |
_c57590 _d57590 |
||